000 00635nam a22002177a 4500
001 BR9102966
003 BR-BrBNA
005 20240220151857.0
007 ta
008 230509b bl.||||| |||| 00| 0 por d
040 _aBR-BrBNA
_bpor
_cBiblioteca Nacional de Agricultura
041 _a(Por)
072 _aA50
090 _aA50
_bBR9102966
110 1 _aSecretaria de Planejamento da Presidencia da Republica, Brasilia, DF (Brasil)
_99009
245 1 _aNotas sobre os principais acontecimentos na agricultura brasileira
260 3 _aBrasilia, DF (Brasil):
_c1979.
300 _a43 p.
650 _aAGRICULTURA
942 _cBK
_2AGRIS
999 _c46090
_d46090